Elenca la formazione - Quiz n°199 - Statistics

Statistiche generali
  • Questo quiz è stato fatto 23 volte
  • Il punteggio medio è 2 su 11
Statistiche sulle risposte
Ruolo Nazione Calciatore % Corretto
Portiere Francia Nicolas Douchez
73%
Centrocampista Argentina Javier Pastore
33%
Attaccante Brasile Nenê
33%
Difensore Uruguay Diego Lugano
13%
Attaccante Francia Kevin Gameiro
13%
Centrocampista Francia Mathieu Bodmer
7%
Difensore Costa d'Avorio Siaka Tiéné
7%
Centrocampista Francia Sylvain Armand
7%
Difensore Francia Zoumana Camara
7%
Difensore Brasile Ceará
0%
Attaccante Francia Jean-Christophe Bahebeck
0%
Nessun quiz corrispondente trovato
Distribuzione punteggi
Percentuale di utenti per punteggio
Percentile per numero di risposta
I tuoi punteggi nel tempo
Non hai fatto questo quiz